| 000 | 00438nab a2200145Ia 4500 | ||
|---|---|---|---|
| 003 | ES-SlBCS | ||
| 005 | 20210601124005.0 | ||
| 008 | 140529s1997 xxu||||| |||| 00| 0 eng d | ||
| 041 | _aeng | ||
| 100 | 1 |
_aRea, Michael C. _9133124 |
|
| 245 | 0 | 0 |
_aSupervenience and Co-location _c Michael C. Rea |
| 650 | 0 | 4 |
_aSuperveniencia _9133125 |
| 773 | 0 |
_tAmerican Philosophical Quarterly _gvol. 34, nº. 3, 1997, págs. 367-375 _wRev1386 |
|
| 942 | _cAR | ||
| 999 |
_c507415 _d507415 |
||